书目信息 |
| 题名: |
贝拉的神秘花园
|
|
| 作者: | 贝拉 著 | |
| 分册: | ||
| 出版信息: | 北京 现代出版社 2003.04 |
|
| 页数: | 285页 | |
| 开本: | 20cm | |
| 丛书名: | 9·11情爱三步曲 | |
| 单 册: | ||
| 中图分类: | I711.45 | |
| 科图分类: | ||
| 主题词: | 长篇小说--chang pian xiao shuo--加拿大--现代 | |
| 电子资源: | ||
| ISBN: | 7-80188-010-2 | |
| 000 | 00982nam 2200265 450 | |
| 001 | 012008037751 | |
| 005 | 20080316155128.48 | |
| 010 | @a7-80188-010-2@dCNY19.00 | |
| 100 | @a20080316d2003 km y0chiy0120 ea | |
| 101 | 1 | @achi@ceng |
| 102 | @aCN@b110000 | |
| 105 | @aa z 000ay | |
| 106 | @ar | |
| 200 | 1 | @a贝拉的神秘花园@Abei la de shen mi hua yuan@d= Bella's secret garden@f贝拉著@Fbei la zhu@zeng |
| 210 | @a北京@c现代出版社@d2003.04 | |
| 215 | @a285页@c图@d20cm | |
| 225 | 2 | @a9·11情爱三步曲@A9·11 qing ai san bu qu@v2 |
| 330 | @a在遭遇“9·11”生死婚礼的致命打击之后,贝拉只身来到北欧的挪威,暂栖于奥斯陆附近的森林公园。如海的森林,如歌的田园,使她疲惫的身心得到了极大的慰藉...... | |
| 410 | 0 | @12001 @a9·11情爱三步曲 |
| 510 | 1 | @aBella's secret garden@zeng |
| 606 | 0 | @a长篇小说@Achang pian xiao shuo@y加拿大@z现代 |
| 690 | @aI711.45@v4 | |
| 701 | 1 | @a贝拉@Abei la@g(Shen, Lei)@4著 |
| 801 | 0 | @aCN@bQSSK@c20080316 |
| 905 | @b20285727-30@dI711.45@eB685@f4 | |
| 贝拉的神秘花园= Bella's secret garden/贝拉著.-北京:现代出版社,2003.04 |
| 285页:图;20cm.-(9·11情爱三步曲;2) |
| ISBN 7-80188-010-2:CNY19.00 |
| 在遭遇“9·11”生死婚礼的致命打击之后,贝拉只身来到北欧的挪威,暂栖于奥斯陆附近的森林公园。如海的森林,如歌的田园,使她疲惫的身心得到了极大的慰藉...... |
| ● |
| 相关链接 |
|
|
|
正题名:贝拉的神秘花园
索取号:I711.45/B685
 
预约/预借
| 序号 | 登录号 | 条形码 | 馆藏地/架位号 | 状态 | 备注 |
| 1 | 285727 | 202857275 | 文学库116/116文学库 25排1列6层/ [索取号:I711.45/B685] | 在馆 | |
| 2 | 285728 | 202857284 | 文学库116/116文学库 25排1列6层/ [索取号:I711.45/B685] | 在馆 | |
| 3 | 285729 | 202857293 | 社科二线422/116文学库 25排1列6层/ [索取号:I711.45/B685] | 在馆 | |
| 4 | 285730 | 202857300 | 社科二线400B/400B社科库 28排4列3层/ [索取号:I711.45/B685] | 在馆 |